| 000 | 01300nam a22002897i 4500 | ||
|---|---|---|---|
| 003 | EG-ScBUE | ||
| 005 | 20221124145756.0 | ||
| 008 | 220731s1996 ua o f b 000 0 ara d | ||
| 040 |
_aEG-ScBUE _bara _erda _cEG-ScBUE _dEG-ScBUE |
||
| 082 | 0 | 4 |
_222 _a323.4 _bب ا ب |
| 100 | 1 |
_aباييه، ألبير، _d1880-1961، _eمؤلف. |
|
| 245 | 1 | 2 |
_aالتاريخ الفكري والسياسي للإعلان العالمي لحقوق الإنسان / _cتأليف ألبير باييه ؛ ترجمة محمد مندور. |
| 250 | _aالطبعة الأولى. | ||
| 264 | 1 |
_aالقاهرة : _bمركز الدراسات والمعلومات القانونية لحقوق الإنسان، _c1996. |
|
| 300 |
_a163 صفحة : _bصور ؛ _c20 سم |
||
| 336 |
_2rdacontent _aنص _btxt |
||
| 337 |
_2rdamedia _aبدون وسيط _bn |
||
| 338 |
_2rdacarrier _aمجلد _bnc |
||
| 504 | _aيشتمل على إرجاعات ببليوجرافية. | ||
| 541 | _a.Book from store. | ||
| 546 | _aالنص باللغة العربية وتم ترجمته من اللغة الإنجليزية. | ||
| 650 | 7 |
_aحقوق الإنسان. _2BUEsh |
|
| 653 |
_bBUSBOL _cNovember2022 |
||
| 655 | _vReading book | ||
| 700 | 1 |
_aمندور، محمد، _d1907-1965، _eمترجم. |
|
| 942 | _2ddc | ||
| 999 |
_c30033 _d30004 |
||